Central Library OPAC University of Rajshahi

Dancing with giants : (Record no. 44917)

MARC details
000 -LEADER
fixed length control field 01184pam a2200313 a 4500
001 - CONTROL NUMBER
control field 44917
003 - CONTROL NUMBER IDENTIFIER
rucl marc code BD-RJUL
005 - DATE AND TIME OF LATEST TRANSACTION
control field 20211209053933.0
008 - FIXED-LENGTH DATA ELEMENTS--GENERAL INFORMATION
fixed length control field 160721s2007 dcua b 001 0 eng d
020 ## - INTERNATIONAL STANDARD BOOK NUMBER
International Standard Book Number 9780821367490
International Standard Book Number 0821367498
International Standard Book Number 0821367501 (electronic)
International Standard Book Number 9780821367506 (electronic)
035 ## - SYSTEM CONTROL NUMBER
System control number (OCoLC)ocm77573776
-- BD-RJUL45035
040 ## - CATALOGING SOURCE
Original cataloging agency DLC
Transcribing agency DLC
Modifying agency YDX
-- BAKER
-- BTCTA
-- YDXCP
-- BD-RJUL
Language of cataloging eng
041 ## - LANGUAGE CODE
Language code of text/sound track or separate title eng
082 00 - DEWEY DECIMAL CLASSIFICATION NUMBER
Classification number 337.51
Edition number 22
Author mark and year DAN 2007
245 00 - TITLE STATEMENT
Title Dancing with giants :
Remainder of title China, India, and the global economy /
Statement of responsibility, etc. edited by L. Alan Winters and Shahid Yusuf.
260 ## - PUBLICATION, DISTRIBUTION, ETC. (IMPRINT)
Place of publication, distribution, etc. Washington, DC :
Name of publisher, distributor, etc. World Bank :
-- Institute of Policy Studies,
Date of publication, distribution, etc. c2007.
300 ## - PHYSICAL DESCRIPTION
Pagination xvi, 272 p. :
Illustrations ill. ;
Size 23 cm.
504 ## - BIBLIOGRAPHY, ETC. NOTE
Bibliography, etc Includes bibliographical references (p. 243-264) and index.
651 #0 - SUBJECT ADDED ENTRY--GEOGRAPHIC NAME
Geographic name China
General subdivision Condiciones económicas -- 1980-2004
9 (RLIN) 137650
Geographic name India
General subdivision Economic policy
Chronological subdivision 1991-
9 (RLIN) 137652
700 1# - ADDED ENTRY--PERSONAL NAME
Personal name Winters, L. Alan.
Personal name Yusuf, Shahid,
Dates associated with a name 1949-
856 41 - ELECTRONIC LOCATION AND ACCESS
Materials specified Table of contents only
Uniform Resource Identifier <a href="http://www.loc.gov/catdir/toc/ecip077/2006037029.html">http://www.loc.gov/catdir/toc/ecip077/2006037029.html</a>
942 ## - ADDED ENTRY ELEMENTS (KOHA)
Source of classification or shelving scheme Dewey Decimal Classification
Koha item type Books
Holdings
Lost status Source of classification or shelving scheme Damaged status Not for loan Collection code Permanent Location Current Location Shelving location Date acquired Source of acquisition Cost, normal purchase price Total Checkouts Full call number Date last seen Copy number Koha item type
  Dewey Decimal Classification   Not For Loan Non-fiction Central Library, University of Rajshahi Central Library, University of Rajshahi Reading Room 04/02/2008 Dhaka, MIDAS 22.95   337.51 DAN 2007 21/07/2016 C-1 Books